| 000 | 01872cam a2200361 a 4500 | ||
|---|---|---|---|
| 001 | 460 | ||
| 003 | FISKH | ||
| 005 | 20231211160205.0 | ||
| 008 | 940307s1995 nyuab j b 001 0 eng | ||
| 010 | _a 94009963 | ||
| 020 | _a9780439203074 | ||
| 040 |
_aDLC _cDLC _dDLC _dFISKH _beng |
||
| 042 | _alcac | ||
| 043 | _an-us-il | ||
| 050 | 0 | 0 |
_aF548.42 _b.M87 1995 |
| 082 | 0 | 0 |
_a977.3/11041 _220 |
| 100 | 1 |
_aMurphy, Jim, _d1947- |
|
| 245 | 1 | 4 |
_aThe great fire / _cJim Murphy. |
| 260 |
_aNew York : _bScholastic. _c1995. |
||
| 300 |
_a144 pages : _billustrations, maps ; _c28 cm. |
||
| 504 | _aIncludes bibliographical references and index. | ||
| 520 | _aThe Great Fire of 1871 was one of most colossal disasters in American history. Overnight, the flourshing city of Chicago was transformed into a smoldering wasteland. The damage was so profound that few people believed the city could ever rise again. By weaving personal accounts of actual survivors together with the carefully researched history of Chicago and the disaster, Jim Murphy constructs a riveting narrative that recreates the event with drama and immediacy. | ||
| 521 | 8 |
_a1130
_bLexile |
|
| 650 | 0 |
_aGreat Fire, Chicago, Ill., 1871 _xJuvenile literature. |
|
| 650 | 1 |
_aFires _zIllinois _zChicago _xHistory _y19th century. |
|
| 651 | 0 |
_aChicago (Ill.) _xHistory _yTo 1875 _xJuvenile literature. |
|
| 651 | 1 |
_aChicago (Ill.) _xHistory _yTo 1875. |
|
| 856 | 4 | 2 |
_3Contributor biographical information _uhttp://www.loc.gov/catdir/enhancements/fy1301/94009963-b.html |
| 856 | 4 | 2 |
_3Publisher description _uhttps://www.loc.gov/catdir/enhancements/fy1703/94009963-d.html |
| 906 |
_a7 _bcbc _corignew _d1 _eocip _f19 _gy-gencatlg |
||
| 942 |
_2lcc _cBK _n0 |
||
| 999 |
_c460 _d460 |
||